MDQL
is popping MORE tags! Check the
thread
!
Quizzes
Events
Quiz Creation
Community
Videos
Private Events
Remove Ads
Sign In
Join for FREE
Feedback
Dark Mode
Quiz Categories
Sports
Geography
Music
Movies
Television
Just For Fun
Miscellaneous
History
Literature
Language
Science
Gaming
Entertainment
Religion
Holiday
For Kids
Quiz Lab
Recent
Popular Today
Quiz Kudos Today
Editor Picks
Curator Picks
Quizzes by...
Day
Popularity
Type
Ratings
Length
Year
Community
Subscriptions
Recent Discussions
Orange Saloon
Badges
Playlists
Quests
Create
Leaderboards
Showdown
Live 5
Trivia Bingo
Activity
Puzzle Library
Sporcle Events
Private Events
Virtual Trivia
Globe League
Become a Host
Pub Owners
SporcleCon
Opinionation
Our Games
Videos
Blog
Mobile Apps
Partnerships
Remove Ads and Go Orange
Feedback
Literature
Harry Potter
A Song of Ice and Fire
The Hunger Games
Literary Character
Shakespeare
Book
Author
Novel
Poem
Young Adult
Children's Books
Play
Lord of the Rings
Literature
Harry Potter
A Song of Ice and Fire
The Hunger Games
Literary Character
Shakespeare
Book
Author
Novel
Poem
Young Adult
Children's Books
Play
Lord of the Rings
Random Quiz
Search Sporcle
×
Quiz Lab
Quiz Lab
Literature
Harry Potter
Type in answers that appear in a list
Type in answers that appear in a list
Classic
Best Score? Go Orange.
Harry Potter Pets Stats
Can you name the Harry Potter Pets?
By
midgetman95
10m
22 Questions
105 Plays
105 Plays
105 Plays
Comments
Comments
Give Quiz Kudos
Give Quiz Kudos
-
- Ratings
hide this ad
Replay
Link that replays current quiz
Next Quiz
Link to next quiz in quiz playlist
You Got
0%
They Got
Avg Score
93%
Avg Friend Score
Upgrade to see
Score Distribution
Jump to the score distribution portion of the page
Score
0/22
Timer
10:00
0
Plays Today
Question
Answer
% Correct
Harry Potter's owl?
Hedwig
100%
Rubeus Hagrid's three-
headed dog?
Fluffy
100%
Ron Weasley's rat?
Scabbers
100%
Lord Voldemort's snake?
Nagini
100%
Argus Filch's cat?
Mrs. Norris
100%
The Weasley's family owl?
Errol
99%
Rubeus Hagrid's dog?
Fang
99%
Rubeus Hagrid's /
Sirius Black's hippogriff?
Buckbeak
99%
Rubeus Hagrid's dragon?
Norbert
99%
The Malfoy's /
Hogwart's house elf?
Dobby
99%
Hermione Granger's cat?
Crookshanks
98.1%
Question
Answer
% Correct
Rubeus Hagrid's acromantula?
Aragog
98.1%
Neville Longbottom's toad?
Trevor
98.1%
Sirius Black's /
Harry Potter's house elf?
Kreacher
98.1%
Ron Weasley's owl?
Pigwidgeon
97.1%
Albus Dumbledore's phoenix?
Fawkes
96.2%
Bartemius Crouch Sr.'s /
Hogwart's house elf?
Winky
94.3%
Percy Weasley's owl?
Hermes
90.5%
Ginny Weasley's pygmy puff?
Arnold
87.6%
Hepzibah Smith's house elf?
Hokey
83.8%
Marge Dursley's dog?
Ripper
74.3%
One of Arabella Figg's cats?
Mr. Tibbles
55.2%
Quiz Playlist
Details
Report
Send in Message
Add To Playlist
Classic:
Type in answers that appear in a list
Last Updated: Feb 16, 2017
Quiz Scoreboard
CHALLENGE
Sign Up to Join the Scoreboard
Show All
Scores
Hide
Comments
May contain spoilers
Recently Published
Holiday 10x10 Sorting Gallery
by lukepisani3
Holiday
15m
Two Season TV Shows II
by 123Four
Television
10m
Image Sorting: Flags VI
by Barbecue
Geography
2m
More to Explore
Quiz From the Vault
Featured Blog Post
14 Easter Pick-up Lines to Find Eggs With
hide this ad
You Might Also Like...
Tags
Harry Potter Quiz
pet
Today's Top Quizzes in Literature
Browse Literature
hide this ad
Today's Top Quizzes in Harry Potter
Browse Harry Potter
Top Contributed Quizzes in Literature
1
Sneaky Slytherin Logic Puzzle
2
Criteria Quiz: Harry Potter Deaths
3
Moaning Myrtle's Bathroom: Logic Puzzle
4
Get The Picture: Black or White Literature
5
Logic Puzzle: Avoid Dumbledore's Army
6
Harry Potter logic puzzle: The Hogwarts Soap Opera
7
Weasley Family Reunion: Logic Puzzle
8
'Middle' Earth
9
Missing Word: John Steinbeck Title Images
10
50 Books...Fast and Fatal!
Explore More
Trending Topics
Disney
NBA
Marvel
Harry Potter
Crossword
Anime
Kpop
Country
NFL
Soccer
WWE
Song
Puzzle
Pokémon
The Office
hide this ad
More By:
midgetman95
Quiz
Plays
Rating
Category
Featured
Created
Harry Potter Family Relatives
280
5.00
Literature
Jun 17, 2012
Harry Potter Trivia
258
4.75
Literature
Jun 12, 2012
Harry Potter Hogwarts Houses
190
4.50
Literature
Jun 13, 2012
Harry Potter Pets
105
5.00
Literature
Jun 14, 2012
Go to Creator's Profile
Score Distribution
Quiz Creator Spotlight
midgetman95
Follow
Send a Message
Quizzes Created
-
Created Quiz Play Count
-
More By This Creator
Popular Quizzes Today
1
Find the US States - No Outlines Minefield
2
Colored Red Africa Blitz
3
Find the 'City' Movie
4
The Countries of the World
5
Find the US States
6
5x2 Blitz: Bands
7
Find the Countries of Europe - No Outlines Minefield
8
US States
More Literature Quizzes
Harry Potter : Pomona Sprout Bunker
Quiz Lab
Trending Quizzes
Colored Red Europe Blitz I
Colored Red Europe Blitz II
Colored Red Africa Blitz II
Colored Red Europe Blitz III
Colored Red Africa Blitz III
Recently Updated
Odd Team Out - Big 4 Players
pecheneg
Quick Pick: 20 Twenties
pecheneg
March Madness Men's Triple Doubles
pecheneg
How Do You Spell That?
pecheneg
Godzilla Movies
pecheneg
Grab Bag: 4-10 Letters
pecheneg
2024 March Madness Bracket
pecheneg
Famous TV Couples
Peacemaker
Champions League XIs: Real Madrid
pecheneg
Largest US Cities 1790-2010
pecheneg
Trending Topics
Crossword
NBA
Harry Potter
Disney
Kpop
Anime
Marvel
Song
The Office
Soccer
Country
NFL
Puzzle
Pokémon
WWE
Your Account Isn't Verified!
In order to create a playlist on Sporcle, you need to verify the email address you used during registration. Go to your
Sporcle Settings
to finish the process.
Report this User
Report this user for behavior that violates our
Community Guidelines
.
Details:
Send Report
Go to the Sporcle.com Mobile Site →
Comments